000 00597ata a2200217 4500
005 20250611152607.0
008 150703b1974 xxu||||| |||| 00| 0 spa d
041 _aESP
082 _a352.072.86 G643h
100 _aGonzález Víquez, Cleto
_937173
245 _aHistoria del Régimen Municipal de Costa Rica en el siglo XIX
260 _aCosta Rica
260 _bInstituto de Fomento y Asesoría Municipal
260 _c1974
300 _a90 páginas
490 _aTemática general
650 _aCOSTA RICA
650 _aRÉGIMEN MUNICIPAL
650 _aDEMOCRÁCIA
942 _cBK
_2ddc
999 _c6339
_d6339